| 000 -LEADER |
| fixed length control field |
01028cam a2200325 4500 |
| 001 - CONTROL NUMBER |
| control field |
017233502 |
| 003 - CONTROL NUMBER IDENTIFIER |
| control field |
UkOxU |
| 005 - DATE AND TIME OF LATEST TRANSACTION |
| control field |
20230201173149.0 |
| 008 - FIXED-LENGTH DATA ELEMENTS--GENERAL INFORMATION |
| fixed length control field |
061117r20072006enka j 000 1 eng d |
| 015 ## - NATIONAL BIBLIOGRAPHY NUMBER |
| National bibliography number |
GBA698013 |
| Source |
bnb |
| 020 ## - INTERNATIONAL STANDARD BOOK NUMBER |
| International Standard Book Number |
9780007182312 (pbk.) : |
| 035 ## - SYSTEM CONTROL NUMBER |
| System control number |
(Uk)013607275 |
| 035 ## - SYSTEM CONTROL NUMBER |
| System control number |
(UkLCURL)20a1288141 |
| Canceled/invalid control number |
(UkLCURL)99013607275 |
| 035 ## - SYSTEM CONTROL NUMBER |
| System control number |
(UK-SoUHL)a1288141 |
| 038 ## - RECORD CONTENT LICENSOR |
| Record content licensor |
Uk |
| 040 ## - CATALOGING SOURCE |
| Original cataloging agency |
StDuBDS |
| Language of cataloging |
eng |
| Transcribing agency |
StDuBDS |
| Modifying agency |
KH8 |
| 049 ## - LOCAL HOLDINGS (OCLC) |
| Local processing data |
b |
| 082 14 - DEWEY DECIMAL CLASSIFICATION NUMBER |
| Classification number |
741.642 JEF |
| 100 1# - MAIN ENTRY--PERSONAL NAME |
| Personal name |
Jeffers, Oliver. |
| Relator term |
author |
| 245 14 - TITLE STATEMENT |
| Title |
The incredible book eating boy / |
| Statement of responsibility, etc. |
by Oliver Jeffers. |
| 260 ## - PUBLICATION, DISTRIBUTION, ETC. |
| Place of publication, distribution, etc. |
London : |
| Name of publisher, distributor, etc. |
HarperCollins Children's, |
| Date of publication, distribution, etc. |
2007. |
| 263 ## - PROJECTED PUBLICATION DATE |
| Projected publication date |
200703 |
| 300 ## - PHYSICAL DESCRIPTION |
| Extent |
1 v. : |
| Other physical details |
chiefly col. ill. ; |
| Dimensions |
28 cm. |
| 500 ## - GENERAL NOTE |
| General note |
Originally published: 2006. |
| 650 #0 - SUBJECT ADDED ENTRY--TOPICAL TERM |
| Topical term or geographic name entry element |
Hunger |
| Form subdivision |
Pictorial works |
| -- |
Juvenile fiction. |
| 650 #0 - SUBJECT ADDED ENTRY--TOPICAL TERM |
| Topical term or geographic name entry element |
Books |
| Form subdivision |
Pictorial works |
| -- |
Juvenile fiction. |
| 653 ## - INDEX TERM--UNCONTROLLED |
| Uncontrolled term |
CHILDRENS BOOK ILLUSTARTION - GRAPHIC DESIGN |
| 655 #7 - INDEX TERM--GENRE/FORM |
| Genre/form data or focus term |
Children's stories |
| Form subdivision |
Pictorial works. |
| Source of term |
gsafd |
| 942 ## - ADDED ENTRY ELEMENTS (KOHA) |
| Source of classification or shelving scheme |
|
| Koha item type |
Books - Non Ficton |